<?xml version="1.0" encoding="UTF-8"?><?xml-stylesheet type="text/xsl" href="static/style.xsl"?><OAI-PMH xmlns="http://www.openarchives.org/OAI/2.0/" xmlns:xsi="http://www.w3.org/2001/XMLSchema-instance" xsi:schemaLocation="http://www.openarchives.org/OAI/2.0/ http://www.openarchives.org/OAI/2.0/OAI-PMH.xsd"><responseDate>2026-04-17T08:06:19Z</responseDate><request verb="GetRecord" identifier="oai:www.recercat.cat:2072/401138" metadataPrefix="marc">https://recercat.cat/oai/request</request><GetRecord><record><header><identifier>oai:recercat.cat:2072/401138</identifier><datestamp>2026-03-11T23:56:56Z</datestamp><setSpec>com_2072_98</setSpec><setSpec>col_2072_378192</setSpec></header><metadata><record xmlns="http://www.loc.gov/MARC21/slim" xmlns:dcterms="http://purl.org/dc/terms/" xmlns:xsi="http://www.w3.org/2001/XMLSchema-instance" xmlns:doc="http://www.lyncode.com/xoai" xsi:schemaLocation="http://www.loc.gov/MARC21/slim http://www.loc.gov/standards/marcxml/schema/MARC21slim.xsd">
   <leader>00925njm 22002777a 4500</leader>
   <datafield ind2=" " ind1=" " tag="042">
      <subfield code="a">dc</subfield>
   </datafield>
   <datafield ind2=" " ind1=" " tag="720">
      <subfield code="a">Estrada Contreras, Omar</subfield>
      <subfield code="e">author</subfield>
   </datafield>
   <datafield ind2=" " ind1=" " tag="720">
      <subfield code="a">Barrios Duarte, René</subfield>
      <subfield code="e">author</subfield>
   </datafield>
   <datafield ind2=" " ind1=" " tag="720">
      <subfield code="a">Pérez Córdoba, Eugenio A.</subfield>
      <subfield code="e">author</subfield>
   </datafield>
   <datafield ind2=" " ind1=" " tag="720">
      <subfield code="a">Gustavo, Luis</subfield>
      <subfield code="e">author</subfield>
   </datafield>
   <datafield ind2=" " ind1=" " tag="720">
      <subfield code="a">Carballido, González</subfield>
      <subfield code="e">author</subfield>
   </datafield>
   <datafield ind2=" " ind1=" " tag="720">
      <subfield code="a">Álvarez Fernández, María Ángeles</subfield>
      <subfield code="e">author</subfield>
   </datafield>
   <datafield ind2=" " ind1=" " tag="720">
      <subfield code="a">Morales Ortiz, Manuel</subfield>
      <subfield code="e">author</subfield>
   </datafield>
   <datafield ind2=" " ind1=" " tag="260">
      <subfield code="c">2013</subfield>
   </datafield>
   <datafield ind2=" " ind1=" " tag="520">
      <subfield code="a">El Tapping Test es una prueba neurológica habitual en las evaluaciones de los equipos nacionales de Cuba. Nuestro objetivo fue medir el autocontrol motor con esta prueba y su respuesta psicofisiológica en deportistas de la selección nacional de esgrima de Cuba. Comparando dos versiones del Tapping Test: modo 1 (habitual de lápiz-papel) y modo 2 (versión propuesta ejecutando acción técnica con el arma). Fueron 12 participantes (Medad = 22.19 años, DE = 3.50 años). Se utilizó un equipo de registro psicofisiológico inalámbrico (Biofeedback 2000). Los resultados, indican un autocontrol motor, siendo el modo 1 significativo F(1,10) = 44.29, p &lt; .001; ya que la cantidad de toques o golpes fueron coherentes de acuerdo al ritmo de ejecución. El modo 2 tuvo una motilidad o aceleración significativa en las diferentes fases de la prueba F(1.58,15.8) = 8.14, p = .006, además mostró un mayor nivel de activación psicofisiológica. Este grupo de esgrimistas de alto nivel a pesar del incremento en la activación mostraron un autocontrol motor, ya que controlaron su movimiento de acuerdo al ritmo que se pedía (modo 1).</subfield>
   </datafield>
   <datafield ind2=" " ind1=" " tag="520">
      <subfield code="a">The Tapping Test is a common neurological means of evaluating Cuba's national teams. Our objective was to assess self-control of motor abilities and the athletes' psychophysiological response by comparing two versions of the tapping test: mode 1 (normal pencil and paper) and mode 2 (technical action with the épée). The participants were made up of 12 athletes from the Cuban National Fencing Team (Mage = 22.19 years, SD = 3.50 years). We used wireless psychophysiological recording equipment (Biofeedback 2000). The results show self-control of motor abilities, mode 1 being significant F(1,10) = 44.29, p &lt; .001 as the number of touches or hits was consistent with the execution rate. Mode 2 showed a motility or significant acceleration in the different phases of the test F(1.586, 15.85) = 8146, p = .006, plus a higher level of psychophysiological activation. This high-ranking group of fencers demonstrated self-control of their motor abilities despite increased activation, controlling their movements to match the requested pace (mode 1).</subfield>
   </datafield>
   <datafield tag="653" ind2=" " ind1=" ">
      <subfield code="a">Esgrima</subfield>
   </datafield>
   <datafield tag="653" ind2=" " ind1=" ">
      <subfield code="a">Autocontrol d'habilitats motores</subfield>
   </datafield>
   <datafield tag="653" ind2=" " ind1=" ">
      <subfield code="a">Respostes psicofisiològiques</subfield>
   </datafield>
   <datafield tag="653" ind2=" " ind1=" ">
      <subfield code="a">Fencing</subfield>
   </datafield>
   <datafield tag="653" ind2=" " ind1=" ">
      <subfield code="a">Tapping Test</subfield>
   </datafield>
   <datafield tag="653" ind2=" " ind1=" ">
      <subfield code="a">Self-control of motor abilities</subfield>
   </datafield>
   <datafield tag="653" ind2=" " ind1=" ">
      <subfield code="a">Psychophysiological responses</subfield>
   </datafield>
   <datafield ind2="0" ind1="0" tag="245">
      <subfield code="a">Medida de autocontrol motor en tiradores de esgrima mediante el Tapping Test</subfield>
   </datafield>
</record></metadata></record></GetRecord></OAI-PMH>